Built environment and car travel (Record no. 142664)
[ view plain ]
| 000 -LEADER | |
|---|---|
| fixed length control field | 01420nam a2200361 a 4500 |
| 100 1# - MAIN ENTRY--AUTHOR NAME | |
| Personal name | Maat, C. |
| 245 10 - TITLE STATEMENT | |
| Title | Built environment and car travel |
| 260 ## - PUBLICATION, DISTRIBUTION, ETC. (IMPRINT) | |
| Place of publication | Delft, the Netherlands : |
| Name of publisher | Thesis Delft University of Technology, |
| Year of publication | 2009. |
| 300 ## - PHYSICAL DESCRIPTION | |
| Number of Pages | 174 p. : |
| Other physical details | ill., map. |
| 490 1# - SERIES STATEMENT | |
| Series statement | Sustainable urban areas, |
| 650 #0 - SUBJECT ADDED ENTRY--TOPICAL TERM | |
| Topical Term | Choice of transportation. |
| Topical Term | Urban transportation. |
| Topical Term | HE336.C5. |
| 856 40 - ELECTRONIC LOCATION AND ACCESS | |
| Uniform Resource Identifier | http://site.ebrary.com/lib/rucke/Doc?id=10425053 |
No items available.
